Les institutions de l'Union européenne et leur siège - Statistiques

Statistiques générales
  • Ce quiz a été pris 57 fois
  • Le résultat moyen est 6 sur 7
Statistiques - réponses
Institution Ville de résidence % Correct
Conseil de l'Union européenne Bruxelles
98%
Commission européenne Bruxelles
98%
Conseil européen Bruxelles
98%
Parlement européen Strasbourg
96%
Banque centrale européenne (BCE) Francfort-sur-le-Main
75%
Cour de justice de l'UE (CJUE) Luxembourg
67%
Cour des comptes européenne Luxembourg
67%
Aucun quiz correspondant
Distribution des résultats
% des personnes avec chaque résultat
Percentile par nombre de réponses
Votre historique - résultats
Vous n’avez pas pris ce quiz